00412 2200157 4500001002100000008004100021035002000062245004400082100001800126260003200144300002200176020002200198084001400220082000800234990001200242INLIS000000000002874 IND  a0010-0925000221 aMencintaimu Karena AllahcAndi Rustandi aAndi Rustandi aJakartabRumah Oranyec2013 a296c(14 x 21 cm) a978-602-1588-07-9 a813 AND c a813 a0755096